Science Quiz

Random Science or Animal Quiz
Score 0/30 Timer 08:00
7 Plays Today
% Correct
Koala
99.5%
Orangutan
91.5%
Sloth
91.4%
Anteater
89%
Chameleon
88.6%
Toucan
88.1%
Woodpecker
87.6%
Tarantula
81.1%
Tree Snail
78.8%
Squirrel
78.7%
Goat
77.8%
Jaguar
75.6%
Opossum
75.3%
Lemur
73.9%
Stick Insect
71.4%
% Correct
Tree Frog
69.7%
Iguana
69.6%
Macaw
68.9%
Howler Monkey
53.1%
Kingfisher
51.2%
Gecko
45.2%
Gibbon
44.1%
Spider Monkey
41.1%
Proboscis Monkey
36.6%
Mamba
29%
Marmoset
21.4%
Tarsier
21.2%
Tree Kangaroo
20.2%
Squirrel Monkey
18.6%
Margay
8.9%

You're not logged in!

Compare scores with friends on all Sporcle quizzes.
OR
Log In

Sporcle TV

Today on Sporcle TV


Watch our educational content, quiz creation guides, and fun videos on Sporcle TV.

Show Comments

Extras

Top Quizzes Today


Score Distribution

Paid Content

Your Account Isn't Verified!

In order to create a playlist on Sporcle, you need to verify the email address you used during registration. Go to your Sporcle Settings to finish the process.

Report this User

Report this user for behavior that violates our Community Guidelines.

Details: